| 000 | 00860nam a2200253 i 4500 | ||
|---|---|---|---|
| 003 | DO-SdBNP | ||
| 005 | 20230728071548.0 | ||
| 007 | ta | ||
| 008 | 230424e1994 dr ad||fr|||| 001 0 spa d | ||
| 040 |
_aDO-SdBNP _bspa _cBNPHU _erda |
||
| 082 | 4 |
_a540.76 _bP128q _222 |
|
| 100 | 1 |
_967782 _aPagán , Orlando _eautor |
|
| 245 |
_aQuímica General (segunda parte) : _bmanual de ejercicios y problemas. . / _cO. Pagán I., M. Lajara P. |
||
| 264 | 3 | 0 |
_aSanto Domingo : _bInstituto Tecnológico de Santo Domingo, _c1994 |
| 300 |
_a76 páginas : _bIlustraciones, gráficas ; _c22 cm. |
||
| 336 |
_2rdaconten _atexto _btxt |
||
| 337 |
_2rdamedia _asin medición _bn |
||
| 338 |
_2rdacarrier _avolumen _bnc |
||
| 490 |
_aEducación ; _v2-3 |
||
| 590 | _aInventariado 2023 / DG | ||
| 650 | 4 |
_aQuímica _xProblemas, ejercicios, etc _920573 |
|
| 910 | _aDG | ||
| 942 |
_2ddc _cLBS1 |
||
| 999 |
_c54253 _d54253 |
||